ការដាំដំណាំកប្បាស (Record no. 173)

000 -LEADER
fixed length control field 00458nam a22001577a 4500
003 - CONTROL NUMBER IDENTIFIER
control field OSt
005 - DATE AND TIME OF LATEST TRANSACTION
control field 20150909160314.0
008 - FIXED-LENGTH DATA ELEMENTS--GENERAL INFORMATION
fixed length control field 150909b xxu||||| |||| 00| 0 eng d
040 ## - CATALOGING SOURCE
Transcribing agency RUA
082 ## - DEWEY DECIMAL CLASSIFICATION NUMBER
Classification number AGR គឹម 1993 BOO8 Or.1
100 ## - MAIN ENTRY--PERSONAL NAME
9 (RLIN) 193
Personal name គឹម​ ស្មឿន
Dates associated with a name គឹម​ ស្មឿន
245 ## - TITLE STATEMENT
Title ការដាំដំណាំកប្បាស
260 ## - PUBLICATION, DISTRIBUTION, ETC. (IMPRINT)
Place of publication, distribution, etc. phnomphen
Name of publisher, distributor, etc. RUA
Date of publication, distribution, etc. 1993
300 ## - PHYSICAL DESCRIPTION
Extent 74P.
Other physical details ILL.
Dimensions 29CM.
942 ## - ADDED ENTRY ELEMENTS (KOHA)
Source of classification or shelving scheme
Koha item type AGR
Holdings
Price effective from Date last seen Permanent Location Not for loan Date acquired Source of classification or shelving scheme Koha item type Barcode Lost status Damaged status Shelving location Withdrawn status Current Location Full call number
2015-09-092015-09-09Library Block B 2015-09-09 AGRrua004925  B008 Library Block BAGR គឹម 1993 BOO8 Or.1
2015-09-092015-09-09Library Block B 2015-09-09 AGRrua005384  B008 Library Block BAGR គឹម 1993 BOO8 Or.2
2015-09-092015-09-09Library Block B 2015-09-09 AGRrua004838  B008 Library Block BAGR គឹម 1993 BOO8 Or.3
2015-09-092015-09-09Library Block B 2015-09-09 AGRrua004988  B008 Library Block BAGR គឹម 1993 BOO8 Or.4
2015-09-092015-09-09Library Block B 2015-09-09 AGRrua005460  B008 Library Block BAGR គឹម 1993 BOO8 Or.5
2015-09-092015-09-09Library Block B 2015-09-09 AGRrua003445  B008 Library Block BAGR គឹម 1993 BOO8 Or.6
2016-01-262016-01-26Library Block B 2016-01-26 AGRRUA037735    Library Block BAGR គឹម 1993 BOO8 Or.7
មជ្ឈមណ្ឌលឯការនៃសាកលវិទ្យាល័យភូមិន្ទកសិកម្មចំការដូង

Powered by Koha